000 01804nam a22004337a 4500
003 CHAP
005 20220329140820.0
008 971013s1964 r 00010 d
010 _a58071
011 _a59043
035 _a63200
040 _cCHAP
082 _a631.3
_bS55 1964
100 0 0 _aSmith Harris, Pearson.
_9106941
245 _aFarm machinery and equipment
250 _a5 ed.
260 _aNew York :
_bMcGraw-Hill,
_c1964
300 _a519 p.
_b: ilus.
590 _aBATCH-UPD
_b10
_c20130110
_lUCH01
_h0815
590 _aBATCH-UPD
_b10
_c20130410
_lUCH01
_h0452
590 _aBATCH-UPD
_b10
_c20130914
_lUCH01
_h1758
590 _aCONVERSION
_b10
_c20130109
_lUCH01
_h1331
650 1 4 _aMaquinaria agrícola.
_971151
901 _aBK
942 _cLIBRO
949 _a631.3 S55 1964
_bBC
_cLIBRO
_d-135727
_eLIBRO
_h20869
_i63200
_si
949 _a631.3 S55 1964
_bBC
_cLIBRO
_d-135728
_eLIBRO
_fc.2
_h20870
_i63200
_si
949 _a631.3 S55 1964
_bBC
_cLIBRO
_d-135730
_eLIBRO
_fc.3
_h20871
_i63200
_si
949 _a631.3 S55 1964
_bBC
_cLIBRO
_d-135731
_eLIBRO
_fc.4
_h20872
_i63200
_si
949 _a631.3 S55 1964
_bBC
_cLIBRO
_d-135732
_eLIBRO
_fc.5
_h20873
_i63200
_si
949 _a631.3 S55 1964
_bBC
_cLIBRO
_d-135733
_eLIBRO
_fc.6
_h20874
_i63200
_si
949 _a631.3 S55 1964
_bBC
_cLIBRO
_d-135734
_eLIBRO
_fc.7
_h20875
_i63200
_si
949 _a631.3 S55 1964
_bBC
_cLIBRO
_d-135735
_eLIBRO
_fc.8
_h20876
_i63200
_si
949 _a631.3 S55 1964
_bBC
_cLIBRO
_d-135736
_eLIBRO
_fc.9
_h20877
_i63200
_si
949 _a631.3 S55 1964
_bBC
_cLIBRO
_d-135737
_eLIBRO
_fc.10
_h20878
_i63200
_si
949 _a631.3 S55 1964
_bBC
_cLIBRO
_d-135738
_eLIBRO
_fc.11
_h20879
_i63200
_si
949 _a631.3 S55 1964
_bBC
_cLIBRO
_d-135741
_eLIBRO
_fc.12
_h20880
_i63200
_si
949 _a631.3 S55 1964
_bBC
_cLIBRO
_d-135742
_eLIBRO
_fc.13
_h20881
_i63200
_si
999 _c58071
_d58071